Transportation and the prospects for improved efficiency. (Record no. 528096)

000 -LEADER
fixed length control field 00950cam a2200265 4500
001 - CONTROL NUMBER
control field 2195655
003 - CONTROL NUMBER IDENTIFIER
control field NUST
005 - DATE AND TIME OF LATEST TRANSACTION
control field 20190828080343.0
008 - FIXED-LENGTH DATA ELEMENTS--GENERAL INFORMATION
fixed length control field 730531s1973 dcua 100 0 eng
010 ## - LIBRARY OF CONGRESS CONTROL NUMBER
LC control number 73009501
020 ## - INTERNATIONAL STANDARD BOOK NUMBER
International Standard Book Number 0309021200
038 ## - RECORD CONTENT LICENSOR
Staff Name M.Ramzan
040 ## - CATALOGING SOURCE
Original cataloging agency DLC
Transcribing agency DLC
Modifying agency DLC
050 00 - LIBRARY OF CONGRESS CALL NUMBER
Classification number TA1205
Item number .T7
082 00 - DEWEY DECIMAL CLASSIFICATION NUMBER
Classification number 388.4
Author Mark NAT
245 00 - TITLE STATEMENT
Title Transportation and the prospects for improved efficiency.
260 ## - PUBLICATION, DISTRIBUTION, ETC.
Place of publication, distribution, etc. Washington,
Name of publisher, distributor, etc. National Academy of Engineering,
Date of publication, distribution, etc. 1973.
300 ## - PHYSICAL DESCRIPTION
Extent ix, 270 p.
Other physical details illus.
Dimensions 23 cm.
500 ## - GENERAL NOTE
General note A symposium sponsored by the National Science Foundation, and others, at the 8th autumn meeting of the National Academy of Engineering, Oct. 12-13, 1972.
650 #0 - SUBJECT ADDED ENTRY--TOPICAL TERM
Topical term or geographic name entry element Urban transportation
General subdivision Congresses.
9 (RLIN) 19654
710 2# - ADDED ENTRY--CORPORATE NAME
Corporate name or jurisdiction name as entry element National Academy of Engineering.
9 (RLIN) 19655
710 2# - ADDED ENTRY--CORPORATE NAME
Corporate name or jurisdiction name as entry element National Science Foundation (U.S.)
9 (RLIN) 19656
906 ## - LOCAL DATA ELEMENT F, LDF (RLIN)
a 7
b cbc
c orignew
d 1
e ocip
f 19
g y-gencatlg
942 ## - ADDED ENTRY ELEMENTS (KOHA)
Source of classification or shelving scheme
Koha item type Book
Holdings
Withdrawn status Lost status Source of classification or shelving scheme Damaged status Not for loan Permanent Location Current Location Date acquired Total Checkouts Full call number Barcode Date last seen Price effective from Koha item type
          School of Civil and Environmental Engineering (SCEE) School of Civil and Environmental Engineering (SCEE) 08/28/2019   388.4 NAT NIT-10223 08/28/2019 08/28/2019 Book
© 2023 Central Library, National University of Sciences and Technology. All Rights Reserved.